000 00810nam a2200301Ia 4500
001 18461
003 IT-RoPAU
008 130308s9999 xx 000 0 und d
040 _aIT-RoPAU
040 _cIT-RoPAU
041 _aITALIANO
100 _aChevrier Jean-Francois
100 _gCodice Aut. SPICS: 12709
245 _aTra arte e mestiere
245 _bGrandi fotografi (I)-Robert Doisneau
250 _a1a ed.
260 _aMILANO
260 _bFratelli Fabbri Editori
260 _c1982 [1° Ed.:1982 - Ed.Ling.Originale:1982]
300 _a"5 p. (prefazione: no ; testo: 5 [pagine: 4-8])"
500 _aFotografia di Robert Doisneau
650 _aAUTORI/OPERE DI FOTOGRAFIA
650 _eCodice materia Spics: 6757
942 _cBK
957 _71
999 _c50982
_d50982
999 _bSI
999 _g1